<?xml version="1.0" encoding="UTF-8"?>
<marc:record xmlns:marc="http://www.loc.gov/MARC21/slim" type="Bibliographic">
   <marc:leader>00000nam a2200000 c 4500</marc:leader>
   <marc:controlfield tag="001">967732212</marc:controlfield>
   <marc:controlfield tag="003">DE-101</marc:controlfield>
   <marc:controlfield tag="005">20171203143624.0</marc:controlfield>
   <marc:controlfield tag="007">tu</marc:controlfield>
   <marc:controlfield tag="008">030528s2003    gw ||||| |||| 00||||ger  </marc:controlfield>
   <marc:datafield ind1=" " ind2=" " tag="015">
      <marc:subfield code="a">03,A28,0214</marc:subfield>
      <marc:subfield code="2">dnb</marc:subfield>
   </marc:datafield>
   <marc:datafield ind1="7" ind2=" " tag="016">
      <marc:subfield code="2">DE-101</marc:subfield>
      <marc:subfield code="a">967732212</marc:subfield>
   </marc:datafield>
   <marc:datafield ind1=" " ind2=" " tag="020">
      <marc:subfield code="a">9783878682417</marc:subfield>
      <marc:subfield code="c">kart. : EUR 7.90</marc:subfield>
      <marc:subfield code="9">978-3-87868-241-7</marc:subfield>
   </marc:datafield>
   <marc:datafield ind1=" " ind2=" " tag="020">
      <marc:subfield code="a">3878682417</marc:subfield>
      <marc:subfield code="c">kart. : EUR 7.90</marc:subfield>
      <marc:subfield code="9">3-87868-241-7</marc:subfield>
   </marc:datafield>
   <marc:datafield ind1=" " ind2=" " tag="035">
      <marc:subfield code="a">(DE-599)DNB967732212</marc:subfield>
   </marc:datafield>
   <marc:datafield ind1=" " ind2=" " tag="035">
      <marc:subfield code="a">(OCoLC)76508055</marc:subfield>
   </marc:datafield>
   <marc:datafield ind1=" " ind2=" " tag="040">
      <marc:subfield code="a">1240</marc:subfield>
      <marc:subfield code="b">ger</marc:subfield>
      <marc:subfield code="c">DE-101</marc:subfield>
      <marc:subfield code="d">9999</marc:subfield>
   </marc:datafield>
   <marc:datafield ind1=" " ind2=" " tag="041">
      <marc:subfield code="a">ger</marc:subfield>
   </marc:datafield>
   <marc:datafield ind1=" " ind2=" " tag="043">
      <marc:subfield code="c">XA-IT</marc:subfield>
      <marc:subfield code="c">XA-VA</marc:subfield>
   </marc:datafield>
   <marc:datafield ind1=" " ind2=" " tag="044">
      <marc:subfield code="c">XA-DE</marc:subfield>
   </marc:datafield>
   <marc:datafield ind1=" " ind2=" " tag="084">
      <marc:subfield code="a">12</marc:subfield>
      <marc:subfield code="a">11</marc:subfield>
      <marc:subfield code="a">200</marc:subfield>
      <marc:subfield code="a">220</marc:subfield>
      <marc:subfield code="a">230</marc:subfield>
      <marc:subfield code="q">DE-101</marc:subfield>
      <marc:subfield code="2">sdnb</marc:subfield>
   </marc:datafield>
   <marc:datafield ind1=" " ind2=" " tag="084">
      <marc:subfield code="a">3.6p</marc:subfield>
      <marc:subfield code="a">3.3a</marc:subfield>
      <marc:subfield code="a">3.5a</marc:subfield>
      <marc:subfield code="a">5.2</marc:subfield>
      <marc:subfield code="a">3.6p</marc:subfield>
      <marc:subfield code="q">DE-101</marc:subfield>
      <marc:subfield code="2">sswd</marc:subfield>
   </marc:datafield>
   <marc:datafield ind1=" " ind2=" " tag="090">
      <marc:subfield code="a">b</marc:subfield>
   </marc:datafield>
   <marc:datafield ind1="1" ind2=" " tag="100">
      <marc:subfield code="0">(DE-588)115701966</marc:subfield>
      <marc:subfield code="0">http://d-nb.info/gnd/115701966</marc:subfield>
      <marc:subfield code="0">(DE-101)115701966</marc:subfield>
      <marc:subfield code="a">Grün, Anselm</marc:subfield>
      <marc:subfield code="d">1945-</marc:subfield>
      <marc:subfield code="e">Verfasser</marc:subfield>
      <marc:subfield code="4">aut</marc:subfield>
   </marc:datafield>
   <marc:datafield ind1="0" ind2="0" tag="245">
      <marc:subfield code="a">Einswerden</marc:subfield>
      <marc:subfield code="b">der Weg des heiligen Benedikt</marc:subfield>
      <marc:subfield code="c">Anselm Grün</marc:subfield>
   </marc:datafield>
   <marc:datafield ind1=" " ind2=" " tag="250">
      <marc:subfield code="a">4., überarb. und aktualisierte Aufl.</marc:subfield>
   </marc:datafield>
   <marc:datafield ind1=" " ind2=" " tag="259">
      <marc:subfield code="a">14</marc:subfield>
   </marc:datafield>
   <marc:datafield ind1=" " ind2="1" tag="264">
      <marc:subfield code="a">Münsterschwarzach</marc:subfield>
      <marc:subfield code="b">Vier-Türme-Verl.</marc:subfield>
      <marc:subfield code="c">2003</marc:subfield>
   </marc:datafield>
   <marc:datafield ind1=" " ind2=" " tag="300">
      <marc:subfield code="a">109 S.</marc:subfield>
      <marc:subfield code="c">19 cm</marc:subfield>
   </marc:datafield>
   <marc:datafield ind1=" " ind2=" " tag="336">
      <marc:subfield code="a">Text</marc:subfield>
      <marc:subfield code="b">txt</marc:subfield>
      <marc:subfield code="2">rdacontent</marc:subfield>
   </marc:datafield>
   <marc:datafield ind1=" " ind2=" " tag="337">
      <marc:subfield code="a">ohne Hilfsmittel zu benutzen</marc:subfield>
      <marc:subfield code="b">n</marc:subfield>
      <marc:subfield code="2">rdamedia</marc:subfield>
   </marc:datafield>
   <marc:datafield ind1=" " ind2=" " tag="338">
      <marc:subfield code="a">Band</marc:subfield>
      <marc:subfield code="b">nc</marc:subfield>
      <marc:subfield code="2">rdacarrier</marc:subfield>
   </marc:datafield>
   <marc:datafield ind1="1" ind2=" " tag="490">
      <marc:subfield code="a">Münsterschwarzacher Kleinschriften</marc:subfield>
      <marc:subfield code="v">Bd. 36</marc:subfield>
   </marc:datafield>
   <marc:datafield ind1="0" ind2="7" tag="600">
      <marc:subfield code="0">(DE-588)118508911</marc:subfield>
      <marc:subfield code="0">http://d-nb.info/gnd/118508911</marc:subfield>
      <marc:subfield code="0">(DE-101)118508911</marc:subfield>
      <marc:subfield code="a">Benedictus</marc:subfield>
      <marc:subfield code="c">de Nursia</marc:subfield>
      <marc:subfield code="d">480-547</marc:subfield>
      <marc:subfield code="2">gnd</marc:subfield>
   </marc:datafield>
   <marc:datafield ind1="0" ind2="7" tag="600">
      <marc:subfield code="0">(DE-588)4124684-6</marc:subfield>
      <marc:subfield code="0">http://d-nb.info/gnd/4124684-6</marc:subfield>
      <marc:subfield code="0">(DE-101)041246845</marc:subfield>
      <marc:subfield code="a">Gregor</marc:subfield>
      <marc:subfield code="b">I.</marc:subfield>
      <marc:subfield code="c">Papst</marc:subfield>
      <marc:subfield code="d">542-604</marc:subfield>
      <marc:subfield code="t">Dialogi de vita et miraculis patrum Italicorum 2</marc:subfield>
      <marc:subfield code="2">gnd</marc:subfield>
   </marc:datafield>
   <marc:datafield ind1=" " ind2="7" tag="650">
      <marc:subfield code="0">(DE-588)4138014-9</marc:subfield>
      <marc:subfield code="0">http://d-nb.info/gnd/4138014-9</marc:subfield>
      <marc:subfield code="0">(DE-101)041380142</marc:subfield>
      <marc:subfield code="a">Religiöse Entwicklung</marc:subfield>
      <marc:subfield code="2">gnd</marc:subfield>
   </marc:datafield>
   <marc:datafield ind1=" " ind2="7" tag="650">
      <marc:subfield code="0">(DE-588)4116568-8</marc:subfield>
      <marc:subfield code="0">http://d-nb.info/gnd/4116568-8</marc:subfield>
      <marc:subfield code="0">(DE-101)041165683</marc:subfield>
      <marc:subfield code="a">Spiritualität</marc:subfield>
      <marc:subfield code="2">gnd</marc:subfield>
   </marc:datafield>
   <marc:datafield ind1=" " ind2="7" tag="650">
      <marc:subfield code="0">(DE-588)4060055-5</marc:subfield>
      <marc:subfield code="0">http://d-nb.info/gnd/4060055-5</marc:subfield>
      <marc:subfield code="0">(DE-101)040600556</marc:subfield>
      <marc:subfield code="a">Tiefenpsychologie</marc:subfield>
      <marc:subfield code="2">gnd</marc:subfield>
   </marc:datafield>
   <marc:datafield ind1=" " ind2="7" tag="650">
      <marc:subfield code="0">(DE-588)4059758-1</marc:subfield>
      <marc:subfield code="0">http://d-nb.info/gnd/4059758-1</marc:subfield>
      <marc:subfield code="0">(DE-101)04059758X</marc:subfield>
      <marc:subfield code="a">Theologie</marc:subfield>
      <marc:subfield code="2">gnd</marc:subfield>
   </marc:datafield>
   <marc:datafield ind1="0" ind2="0" tag="689">
      <marc:subfield code="0">(DE-588)118508911</marc:subfield>
      <marc:subfield code="0">http://d-nb.info/gnd/118508911</marc:subfield>
      <marc:subfield code="0">(DE-101)118508911</marc:subfield>
      <marc:subfield code="D">p</marc:subfield>
      <marc:subfield code="a">Benedictus</marc:subfield>
      <marc:subfield code="c">de Nursia</marc:subfield>
      <marc:subfield code="d">480-547</marc:subfield>
   </marc:datafield>
   <marc:datafield ind1="0" ind2="1" tag="689">
      <marc:subfield code="0">(DE-588)4138014-9</marc:subfield>
      <marc:subfield code="0">http://d-nb.info/gnd/4138014-9</marc:subfield>
      <marc:subfield code="0">(DE-101)041380142</marc:subfield>
      <marc:subfield code="D">s</marc:subfield>
      <marc:subfield code="a">Religiöse Entwicklung</marc:subfield>
   </marc:datafield>
   <marc:datafield ind1="0" ind2="2" tag="689">
      <marc:subfield code="0">(DE-588)4116568-8</marc:subfield>
      <marc:subfield code="0">http://d-nb.info/gnd/4116568-8</marc:subfield>
      <marc:subfield code="0">(DE-101)041165683</marc:subfield>
      <marc:subfield code="D">s</marc:subfield>
      <marc:subfield code="a">Spiritualität</marc:subfield>
   </marc:datafield>
   <marc:datafield ind1="0" ind2=" " tag="689">
      <marc:subfield code="5">DE-101</marc:subfield>
      <marc:subfield code="5">DE-101</marc:subfield>
   </marc:datafield>
   <marc:datafield ind1="1" ind2="0" tag="689">
      <marc:subfield code="0">(DE-588)4124684-6</marc:subfield>
      <marc:subfield code="0">http://d-nb.info/gnd/4124684-6</marc:subfield>
      <marc:subfield code="0">(DE-101)041246845</marc:subfield>
      <marc:subfield code="D">p</marc:subfield>
      <marc:subfield code="a">Gregor</marc:subfield>
      <marc:subfield code="b">I.</marc:subfield>
      <marc:subfield code="c">Papst</marc:subfield>
      <marc:subfield code="d">542-604</marc:subfield>
      <marc:subfield code="t">Dialogi de vita et miraculis patrum Italicorum 2</marc:subfield>
   </marc:datafield>
   <marc:datafield ind1="1" ind2="1" tag="689">
      <marc:subfield code="0">(DE-588)4060055-5</marc:subfield>
      <marc:subfield code="0">http://d-nb.info/gnd/4060055-5</marc:subfield>
      <marc:subfield code="0">(DE-101)040600556</marc:subfield>
      <marc:subfield code="D">s</marc:subfield>
      <marc:subfield code="a">Tiefenpsychologie</marc:subfield>
   </marc:datafield>
   <marc:datafield ind1="1" ind2="2" tag="689">
      <marc:subfield code="0">(DE-588)4059758-1</marc:subfield>
      <marc:subfield code="0">http://d-nb.info/gnd/4059758-1</marc:subfield>
      <marc:subfield code="0">(DE-101)04059758X</marc:subfield>
      <marc:subfield code="D">s</marc:subfield>
      <marc:subfield code="a">Theologie</marc:subfield>
   </marc:datafield>
   <marc:datafield ind1="1" ind2=" " tag="689">
      <marc:subfield code="5">DE-101</marc:subfield>
      <marc:subfield code="5">DE-101</marc:subfield>
   </marc:datafield>
   <marc:datafield ind1=" " ind2="0" tag="830">
      <marc:subfield code="a">Münsterschwarzacher Kleinschriften</marc:subfield>
      <marc:subfield code="v">Bd. 36</marc:subfield>
      <marc:subfield code="w">(DE-101)01456338X</marc:subfield>
      <marc:subfield code="w">(DE-600)845128-x</marc:subfield>
      <marc:subfield code="9">236</marc:subfield>
      <marc:subfield code="7">as</marc:subfield>
   </marc:datafield>
   <marc:datafield ind1=" " ind2=" " tag="850">
      <marc:subfield code="a">DE-101a</marc:subfield>
      <marc:subfield code="a">DE-101b</marc:subfield>
   </marc:datafield>
   <marc:datafield ind1="r" ind2=" " tag="925">
      <marc:subfield code="a">ra</marc:subfield>
   </marc:datafield>
</marc:record>
